000 00893nam a2200265 i 4500
001 000020736
003 DO-SdBNP
005 20230622093433.0
007 ta
008 100813s2000 dr 000 0 spa d
040 _aDO-SdBNP
_bspa
_cBNPHU
_erda
082 4 _bR426r
_222
100 _943492
110 _aRepública Dominicana.
_bSecretaria de Estado de Trabajo
_9491
245 1 0 _aLa República Dominicana ante la OIT :
_bIntervenciones de los delegados dominicanos en las conferencias internacionales del trabajo 1924-1999
264 _aSanto Domingo :
_bSecretaria de Estado de Trabajo,
_c2000
300 _a554 paginas ;
_c22 cm.
336 _2rdacontent
_atexto
_btxt
337 _2rdamedia
_asin mediación
_bn
338 _2rdacarrier
_avolumen
_bnc
590 _aInventariado, 2023 / DG
710 _aSecretaria de Estado de Trabajo
_977027
910 _aDG
942 _2ddc
_cLBS1
999 _c53895
_d53895